[Event "Morbihan-ch 0910"]
[Site "Morbihan"]
[Date "2009.11.07"]
[Round "2.21"]
[White "Maroufi, Mahzeyar"]
[Black "Aubrun, Lucas"]
[Result "0-1"]
[WhiteElo "1250"]
[BlackElo "1510"]
[PlyCount "68"]
[EventDate "2009.10.10"]
[EventType "swiss"]
[EventRounds "7"]
[EventCountry "FRA"]
[SourceTitle "EXT 2014"]
[Source "ChessBase"]
[SourceDate "2013.11.20"]
[SourceVersion "1"]
[SourceVersionDate "2013.11.20"]
[SourceQuality "1"]

1. e4 e5 2. Nf3 d6 3. h3 Nf6 4. Bd3 Be7 5. 0-0 0-0 6. Nc3 Nc6 7. Nd5 Nxd5 8. exd5 Nb4 9. Bc4 Bf5 10. Bb3 a5 11. c3 Na6 12. d4 exd4 13. cxd4 Nb8 14. Re1 Nd7 15. h4 Bg4 16. Qd3 Bxf3 17. Qxf3 Bxh4 18. Bc2 Qf6 19. Bf4 Qxd4 20. Qh5 Bxf2+ 21. Kh1 Nf6 22. Qh2 Bxe1 23. Rxe1 Rfe8 24. Rc1 Qxb2 25. Bg5 Qxc1+ 26. Bxc1 Re1+ 27. Qg1 Rxg1+ 28. Kxg1 Nxd5 29. Be4 c6 30. Ba3 Nc3 31. Bc2 d5 32. Bb3 a4 33. Bc2 d4 34. Bd3 b6 0-1